| 000 | 00633nam a2200217 a 4500 | ||
|---|---|---|---|
| 001 | BRCA_8175 | ||
| 005 | 20190320210149.0 | ||
| 008 | 070514s--------sz-b###f##---#000-0#ger-# | ||
| 041 | _ager | ||
| 044 | _asz | ||
| 050 | 4 |
_aDQ25 _b.S3 |
|
| 110 | 2 |
_aAutomobile Club de Suisse _920374 |
|
| 245 | 1 | 0 |
_aDie Schweiz _boffizielle strassenkarte des ACS _cAutomobile Club de Suisse. |
| 260 |
_aParis _bKümerly & Frey Bern |
||
| 300 |
_a1 v. pleg. _bil. mapa _c22 cm. |
||
| 500 | _aEjemplar inventariado como libro por el Banco de México | ||
| 500 | _aX77 | ||
| 650 | 1 | 4 |
_aMapa _vCarreteras _zSuiza _920375 |
| 902 | _aGFM | ||
| 942 |
_2lcc _cB |
||
| 999 |
_c7843 _d7843 |
||